000 00287nam a2200121Ia 4500
005 20251222155049.0
008 251222s9999||||xx |||||||||||||| ||spa||
082 _aLEN. 27
100 _aSono Viso del Perú.
245 0 _aCómo Dirigir una Reunión
264 _bNo tiene
942 _cLIB
999 _c37192
_d37192